[Event "UKR-ch Men Final 2018"]
[Site "Kiev"]
[Date "2018.12.13"]
[Round "3"]
[White "Moiseenko, Alexander"]
[Black "Bernadskiy, Vitaliy"]
[Result "1-0"]
[WhiteElo "2640"]
[BlackElo "2547"]
[Annotator "TA"]
[PlyCount "91"]
[EventDate "2018.12.11"]
[EventType "tourn"]
[EventCountry "UKR"]
[SourceTitle "playchess.com"]
[Source "ChessBase"]
[SourceQuality "1"]

{[%evp 10,91,34,30,36,26,20,14,35,31,38,0,28,27,23,23,26,10,9,8,38,29,35,34,35,30,36,38,60,60,75,75,71,77,69,75,63,61,70,65,72,57,62,54,96,96,96,92,89,93,112,108,106,101,158,148,211,211,206,206,193,132,256,249,246,243,371,371,403,360,559,504,1272,1263,1282,1220,1188,1181,1069,1094,29981,29981,29983,2030]} 1. d4 d5 2. c4 e6 3. Nc3 Bb4 4. cxd5 exd5 5. Bf4 Nf6 6. e3 {LiveBook: 36 Games. D31: Queen's Gambit Declined: Semi-Slav without ...Nf6 (+ Marshall Gambit and Noteboom) and Exchange Variation lines without ...Nf6} Bf5 (6... O-O 7. Bd3 c5 8. Nge2 cxd4 9. Nxd4 Nc6 10. O-O Nxd4 11. exd4 Bxc3 12. bxc3 Bg4 13. Qb3 Qd7 14. Rfe1 Rac8 15. Bb5 Qd8 16. Bf1 b6 17. f3 Be6 18. Ba6 {1-0 (82) Wang,Y (2706)-Hou,Y (2617) Xinghua 2013}) 7. Qa4+ Nc6 8. Bb5 {[#] And now Qxb4 would win.The position is equal.} O-O $146 ({Predecessor:} 8... Bxc3+ 9. bxc3 Bd7 10. Qa3 Ne7 11. Be2 O-O 12. Nf3 Ne4 13. O-O Ng6 {½-½ (57) Pawlowski,W (2200)-Vecek,M (2298) ICCF email 2016}) 9. Nge2 Bxc3+ 10. bxc3 {[%cal Bb2c3,Bc3c4][%mdl 32]} Ne7 {Hoping for ...a6.} 11. Ng3 Bd7 12. Rb1 b6 13. O-O Bxb5 14. Qxb5 Ne8 15. c4 c6 16. Qb3 $36 {[%mdl 2048] White has some pressure.} Ng6 17. Ne2 Nxf4 18. Nxf4 {[%cal Rc4d5]} ({Much worse is} 18. exf4 Nf6 $11) 18... Nf6 19. cxd5 cxd5 20. Rfc1 Qd7 21. Rc2 Rac8 22. Rbc1 g6 23. h3 Kg7 24. a4 {[%cal Ba2a4,Ba4b5][%mdl 32]} Rfe8 25. Qb5 Rxc2 26. Rxc2 Qxb5 27. axb5 $14 {[%mdl 4096] Endgame KRN-KRN} Re7 28. Rc8 Rd7 29. f3 h5 30. g4 hxg4 31. hxg4 Nh7 ({Black should try} 31... Ng8) 32. Kf2 $16 Nf8 (32... Nf6 $16 33. Nd3 Ng8) 33. Re8 $18 f6 34. Ne6+ Nxe6 35. Rxe6 {KR-KR} g5 36. Rc6 Kf7 37. Ke2 Ke7 (37... Kg6 $142 38. Kd3 Kf7) 38. Kd3 Rb7 39. e4 dxe4+ (39... Rd7 $142 40. e5 fxe5 41. dxe5 Rd8) 40. fxe4 Rd7 (40... Rb8 $142 41. Rc7+ Ke6 42. Rxa7 Kd6) 41. d5 Kf7 42. Ke3 Rb7 43. e5 fxe5 44. Ke4 Re7 45. d6 Re6 46. d7 {Accuracy: White = 87%, Black = 64%.} (46. Kd5 $142 Re8 47. d7 Rh8 48. Rc8 Rh3 49. Ke4 Rc3 50. Rxc3 Ke7 51. Rd3) 1-0

[Event "UKR-ch Men Final 2018"]
[Site "Kiev"]
[Date "2018.12.13"]
[Round "3"]
[White "Kovchan, Alexander"]
[Black "Kravtsiv, Martyn"]
[Result "1/2-1/2"]
[WhiteElo "2575"]
[BlackElo "2644"]
[Annotator "TA"]
[PlyCount "38"]
[EventDate "2018.12.11"]
[EventType "tourn"]
[EventCountry "UKR"]
[SourceTitle "playchess.com"]
[Source "ChessBase"]
[SourceQuality "1"]

{[%evp 29,30,-7,-7]} 1. e4 e5 2. Nf3 Nc6 3. Nc3 Nf6 4. d4 exd4 5. Nxd4 Bb4 6. Nxc6 bxc6 7. Bd3 O-O 8. O-O d5 9. exd5 cxd5 10. Bg5 c6 11. Qf3 Rb8 12. Ne2 {C47: Scotch Four Knights and Four Knights with 4 g3} Bg4 13. Bxf6 Bxf3 14. Bxd8 Bxe2 15. Bxe2 Rfxd8 {[#] LiveBook: 16 Games} {Predecessor:} 16. Rfd1 $146 g6 17. g3 Kg7 18. Rab1 Be7 19. b3 Bf6 {½-½ (30) Kravtsiv,M (2654)-Safarli,E (2667) Ankara 2018} 1/2-1/2

[Event "UKR-ch Men Final 2018"]
[Site "Kiev"]
[Date "2018.12.14"]
[Round "4"]
[White "Kravtsiv, Martyn"]
[Black "Korobov, Anton"]
[Result "1-0"]
[WhiteElo "2644"]
[BlackElo "2698"]
[Annotator "TA"]
[PlyCount "81"]
[EventDate "2018.12.11"]
[EventType "tourn"]
[EventCountry "UKR"]
[SourceTitle "playchess.com"]
[Source "ChessBase"]
[SourceQuality "1"]

{[%evp 18,81,12,9,31,2,16,2,26,14,14,-20,152,147,154,155,189,183,177,156,297,301,286,284,366,330,283,254,328,312,356,345,347,353,338,302,327,302,294,297,308,308,312,311,306,310,308,288,296,312,275,283,376,303,377,386,359,326,592,570,770,761,715,702,839,836]} 1. e4 c5 2. Nf3 d6 3. d4 cxd4 4. Nxd4 Nf6 5. Nc3 a6 6. Nb3 e6 {B90: Sicilian Najdorf: Unusual White 6th moves, 6 Be3 Ng4 and 6 Be3 e5} 7. g4 {[%cal Bg2g4,Bg4g5][%mdl 32]} b5 8. Bg2 Bb7 9. g5 Nfd7 10. O-O {[%cal Bh1f1,Bf1f3,Bf3h3][%mdl 32] LiveBook: 3 Games} Be7 11. f4 Nc6 12. a3 O-O 13. Rf3 f6 $146 ({Predecessor:} 13... Re8 14. Rg3 {½-½ (38) Kravtsiv,M (2685)-Vykouk,J (2445) Batumi 2018}) 14. Bh3 f5 $2 {[#]} ({Black should play} 14... fxg5 $11 15. Bxe6+ Kh8) 15. exf5 $16 exf5 16. Bg2 Nb6 17. Rh3 $36 {[%mdl 2048] White is really pushing.} Qe8 18. Be3 Nc4 (18... Bd8 $16 19. Bf2 (19. Qxd6 Nc4 $16) 19... Qg6) 19. Bf2 Kh8 20. Bd5 Bd8 21. Qf3 Bb6 22. Kg2 Bxf2 23. Kxf2 ({Weaker is} 23. Qxf2 Qd7 $16) 23... Rc8 24. Re1 N6e5 {[#] And now ...Bxd5 would win.} 25. Bxb7 ({Less strong is} 25. fxe5 Bxd5 26. Nxd5 (26. Qxd5 dxe5 27. Kg1 Qg6 $16) 26... Nxe5 $18) 25... Nxf3 26. Rxe8 Rcxe8 27. Rxf3 Nxb2 28. Bxa6 Ra8 29. Bxb5 Rxa3 30. Ke2 g6 31. Re3 Rc8 32. Kd2 Nc4+ 33. Bxc4 $1 Rxc4 34. Ne2 Rc7 35. Re8+ Kg7 36. Ned4 Rd7 37. h4 h5 $2 (37... Ra4 {might work better.} 38. h5 gxh5 39. Nxf5+ Kf7) 38. Re6 $18 {White is clearly winning.} Raa7 39. Rf6 Kh7 40. Ne6 Rf7 41. Nbd4 {Accuracy: White = 81%, Black = 28%.} 1-0

[Event "UKR-ch Men Final 2018"]
[Site "Kiev"]
[Date "2018.12.14"]
[Round "4"]
[White "Baklan, Vladimir"]
[Black "Ponomariov, Ruslan"]
[Result "1/2-1/2"]
[WhiteElo "2608"]
[BlackElo "2663"]
[Annotator "TA"]
[PlyCount "79"]
[EventDate "2018.12.11"]
[EventType "tourn"]
[EventCountry "UKR"]
[SourceTitle "playchess.com"]
[Source "ChessBase"]
[SourceQuality "1"]

{[%evp 13,79,10,40,-8,-9,-12,-6,-16,-14,-16,-19,-21,-22,-24,-6,-33,-26,-30,-31,-35,-31,-37,-37,-39,-44,-38,-44,-24,-20,-93,-89,-138,-104,-98,-100,-164,-147,-175,-95,-56,-76,-76,-35,-32,-22,-29,0,0,0,0,0,0,0,0,0,0,0,0,0,0,0,0,8,6,5,8,8,8]} 1. e4 c5 2. Nf3 Nc6 3. Bb5 g6 4. Bxc6 dxc6 5. d3 Bg7 6. h3 Nf6 7. Bd2 {B31: Sicilian: 2...Nc6 3 Bb5 g6} (7. Nc3 Nd7 8. Be3 e5 9. O-O b6 10. Nh2 Nf8 11. f4 exf4 12. Rxf4 Be6 13. Rf2 h6 14. Qd2 g5 15. Raf1 {½-½ (115) Caruana,F (2832)-Carlsen,M (2835) London 2018}) 7... Nd7 {[%cal Bf6d7,Bd7f8,Bf8e6,Be6d4][%mdl 32] LiveBook: 3 Games} 8. Bc3 e5 9. a4 $146 ({Predecessor:} 9. Nbd2 Qc7 10. Nc4 b5 11. Ba5 Qb8 12. Ncd2 O-O 13. O-O Re8 14. Nb3 Qd6 {1-0 (66) Gonzalez Vidal,Y (2564)-Hernandez Sanchez,J (2377) Havana 2018}) 9... b6 10. Nbd2 f6 11. Ng1 Nf8 12. Ne2 Ne6 13. O-O O-O 14. Nc4 Nd4 15. Bd2 Be6 16. Nxd4 cxd4 17. b3 Qd7 18. f4 b5 19. Na5 f5 20. exf5 Rxf5 {next ...Raf8 is good for Black.} 21. Qe2 (21. fxe5 $11 {keeps the balance.} Bd5 22. Rxf5 Qxf5 23. Qf1) 21... Bd5 $17 22. g4 Rf7 23. fxe5 Re8 24. c4 {[#]} (24. Rxf7 $17 {might work better.} Qxf7 25. Qf2) 24... dxc3 $1 $19 ({Weaker is} 24... Rxe5 25. Qd1 $11) 25. Bxc3 Rxf1+ (25... Bh6 $19 26. Rxf7 Qxf7) 26. Rxf1 $17 Qe7 27. d4 a6 28. Qe3 bxa4 29. bxa4 Qa3 30. Ra1 {The position is equal.} Bh6 31. Qd3 ({But not} 31. Rxa3 Bxe3+ 32. Kf1 c5 $17) 31... Qe7 {And now ...Rf8 would win.} 32. Nc4 Rf8 {[#] ...Rf3 is the strong threat.} 33. Rf1 Rxf1+ 34. Qxf1 c5 35. Qd3 Qf7 36. Nd6 Qf4 {aiming for ...c4!} 37. dxc5 Qe3+ 38. Qxe3 Bxe3+ 39. Kf1 Bxc5 40. Ke2 {Accuracy: White = 62%, Black = 71%.} 1/2-1/2

[Event "UKR-ch Men Final 2018"]
[Site "Kiev"]
[Date "2018.12.14"]
[Round "4"]
[White "Bernadskiy, Vitaliy"]
[Black "Kovchan, Alexander"]
[Result "1-0"]
[WhiteElo "2547"]
[BlackElo "2575"]
[Annotator "TA"]
[PlyCount "87"]
[EventDate "2018.12.11"]
[EventType "tourn"]
[EventCountry "UKR"]
[SourceTitle "playchess.com"]
[Source "ChessBase"]
[SourceQuality "1"]

{[%evp 15,87,11,16,-19,-21,-21,-21,-21,-19,-19,-19,-19,-20,-16,-21,-23,-20,-20,0,-6,-6,-6,-6,-12,-12,-10,0,-2,0,-8,0,0,0,0,0,0,0,0,0,0,0,0,0,-14,0,0,0,0,0,0,0,0,0,0,19,14,26,27,65,65,118,122,112,121,197,197,192,195,500,418,151,553,661,641]} 1. e4 c5 2. Nf3 d6 3. Bb5+ Bd7 4. Bxd7+ Qxd7 5. O-O Nc6 {[%cal Bb8c6,Bc6e5,Be5f3][%mdl 32]} 6. c3 Nf6 7. Qe2 Qg4 {B52: Sicilian: Moscow Variation with 3...Bd7} 8. Re1 Ne5 {LiveBook: 4 Games} 9. Na3 $146 (9. Nxe5 {with more complications.} Qxe2 10. Rxe2 dxe5 11. Na3 e6 12. d3) ({Predecessor:} 9. Nxe5 Qxe2 10. Rxe2 dxe5 11. Na3 O-O-O 12. Nc4 Nd7 13. d4 e6 14. Be3 exd4 15. cxd4 {½-½ (40) Nevednichy,V (2566)-Moranda,W (2452) Warsaw 2005}) 9... Nxf3+ {The position is equal.} 10. Qxf3 Qxf3 11. gxf3 e6 12. d4 cxd4 13. Nb5 Kd7 14. Nxd4 Rc8 15. Be3 $1 a6 16. Rac1 b5 {[%cal Bb7b5,Bb5a4][%mdl 32]} 17. a4 bxa4 18. Ra1 Rc4 19. Nc2 Be7 20. Bc1 Rb8 21. Ne3 Rc6 22. Rxa4 Ke8 23. Nc2 d5 24. Nd4 Rcb6 25. e5 Nd7 {White should prevent ...Nc5.} 26. b4 Rc8 27. Bd2 Rc4 28. Nb3 g5 29. Kg2 Nf8 30. Rea1 Ng6 31. Rxa6 Rxa6 32. Rxa6 Nxe5 33. Ra8+ Kd7 34. b5 Bd8 35. Be3 {Threatens to win with Nc5+.} Nd3 $1 ({Much weaker is} 35... Rxc3 $6 36. Nc5+ Ke7 37. Bxg5+ f6 38. Be3 $16) 36. b6 {Strongly threatening b7.} Bxb6 37. Bxb6 Rxc3 (37... Nf4+ $14 38. Kf1 Rxc3 {[%mdl 64] Double Attack}) 38. Ra7+ $16 Ke8 39. Nd4 Nf4+ (39... Rc1 $16 40. h3 h6) 40. Kg3 $18 Rc1 {[%cal Rc1g1] [#]} 41. h4 $1 Rg1+ $2 (41... h6 42. Nb5 Ne2+ 43. Kh2 Rc6) 42. Kh2 Rg2+ 43. Kh1 Rxf2 44. Ra8+ {Accuracy: White = 82%, Black = 47%.} 1-0

[Event "UKR-ch Men Final 2018"]
[Site "Kiev"]
[Date "2018.12.14"]
[Round "4"]
[White "Bogdanovich, Stanislav"]
[Black "Moiseenko, Alexander"]
[Result "1/2-1/2"]
[WhiteElo "2537"]
[BlackElo "2640"]
[Annotator "TA"]
[PlyCount "84"]
[EventDate "2018.12.11"]
[EventType "tourn"]
[EventCountry "UKR"]
[SourceTitle "playchess.com"]
[Source "ChessBase"]
[SourceQuality "1"]

{[%evp 14,84,0,0,0,0,30,28,7,33,35,27,36,36,59,55,59,40,79,72,74,70,112,110,98,73,79,79,163,164,164,143,147,152,153,139,141,37,50,51,65,66,100,92,104,35,33,16,19,4,0,0,0,0,0,0,39,40,34,34,37,-156,-172,-163,0,0,0,0,0,0,0,0,0]} 1. c4 e5 2. Nc3 Bb4 3. Nd5 Bc5 4. Nf3 c6 5. Nc3 d6 6. g3 {A21: English Opening: 1...e5 2 Nc3} Nf6 7. d4 exd4 8. Nxd4 {LiveBook: 5 Games} O-O 9. Bg2 Re8 $146 {Threatening ...Qb6.} ({Predecessor:} 9... Nbd7 10. O-O Nb6 11. b3 d5 12. cxd5 Nbxd5 13. Nxd5 Nxd5 {½-½ (29) Draskovic,L (2447)-Krasenkow,M (2644) Batumi 2018}) 10. O-O a5 11. b3 Na6 12. Bb2 Ba7 13. Qd2 Qe7 14. Rad1 Nc5 15. e4 Bg4 ({Not} 15... Nfxe4 $2 16. Nxe4 Bd7 17. Rfe1 $18 (17. Qxa5 Nxe4 18. Qc7 Nc5 $15)) 16. f3 Bd7 17. Kh1 Rad8 18. Rfe1 Bc8 19. g4 h6 20. Nce2 Qc7 (20... Ncxe4 $16 21. fxe4 Bxg4) 21. Ng3 $1 $18 Nh7 22. Bc3 Bb6 23. Ndf5 Bxf5 24. Nxf5 f6 25. Nxd6 ({White should try} 25. f4 $16) 25... Re6 $14 26. e5 fxe5 27. Bxe5 Nf6 28. Bg3 Qd7 29. g5 (29. Qc2 $16) 29... Rxe1+ 30. Qxe1 hxg5 31. Qe5 g4 32. Rd2 gxf3 33. Bxf3 {And now Ne4 would win.} Qh3 {[%cal Rh3f1]} 34. Rg2 Bc7 (34... Rd7 {is interesting.} 35. Be2 Qe6 36. Nf5 Kf8 37. Qxe6 Nxe6 38. Bd6+ Kf7) 35. Qxc5 Bxd6 $1 36. Qxa5 Re8 {Strongly threatening ...Bxg3.} 37. Bxc6 $2 (37. Qg5 $14 {stays ahead.}) 37... bxc6 $17 38. Bxd6 {[#]} Qf3 $2 (38... Re2 $1 $19 {[%csl Ge2][%cal Rh3g2][%mdl 512]} 39. Qg5 (39. Rxe2 Qf1#) 39... Re1+ 40. Rg1 Qf3+ 41. Qg2 Rxg1+ 42. Kxg1 Qd1+ {[%mdl 64] Double Attack} 43. Qf1 Qxd6) 39. Be5 $11 {The position is equal.} Qf1+ 40. Rg1 Qf3+ 41. Rg2 Qf1+ 42. Rg1 Qf3+ {Accuracy: White = 61%, Black = 54%.} 1/2-1/2

[Event "UKR-ch Men Final 2018"]
[Site "Kiev"]
[Date "2018.12.15"]
[Round "5"]
[White "Korobov, Anton"]
[Black "Bernadskiy, Vitaliy"]
[Result "1-0"]
[WhiteElo "2698"]
[BlackElo "2547"]
[Annotator "TA"]
[PlyCount "95"]
[EventDate "2018.12.11"]
[EventType "tourn"]
[EventCountry "UKR"]
[SourceTitle "playchess.com"]
[Source "ChessBase"]
[SourceQuality "1"]

{[%evp 20,95,31,0,50,21,41,42,66,66,68,68,53,54,66,66,66,65,79,79,168,167,159,132,182,191,188,176,179,189,177,196,185,186,183,190,332,337,336,325,489,268,271,271,266,265,265,257,513,482,712,687,619,519,4794,741,893,630,542,467,1297,1290,4943,1290,29978,29979,29978,29979,29985,29986,29986,29987,29987,29988,29988,29989,29989,29990]} 1. d4 d5 2. Nf3 Nf6 3. c4 e6 4. Nc3 Bb4 5. Bg5 h6 6. Bxf6 Qxf6 7. e3 O-O 8. Rc1 dxc4 9. Bxc4 c5 10. O-O cxd4 {D38: Queen's Gambit Declined: Ragozin Defence (4 Nf3 Bb4)} 11. Ne4 {LiveBook: 73 Games} Qd8 (11... Qe7 12. a3 Ba5 13. Qxd4 Rd8 14. Qc5 Qxc5 15. Nxc5 Nd7 16. Nb3 Bb6 17. a4 Nf6 18. Be2 {½-½ (31) Bu,X (2718)-Wei,Y (2734) Hangzhou 2018}) 12. Nxd4 $146 ({Predecessor:} 12. exd4 Nc6 13. d5 exd5 14. Bxd5 Qb6 15. Qb3 Be7 16. Qxb6 axb6 17. a3 Bd7 18. Nfd2 {½-½ (30) Erdos,V (2609)-Zhao,Z (2523) Batumi 2018}) 12... Bd7 {The position is equal.} 13. Qb3 Qb6 14. a3 Be7 15. Qxb6 axb6 16. Bb5 e5 17. Bxd7 $1 {And now Nf5 would win.} exd4 18. Rc7 $36 {[%mdl 2048] White has the initiative.} dxe3 19. Bb5 $1 ({Reject} 19. Rxb7 $6 exf2+ 20. Rxf2 (20. Kxf2 Nxd7 21. Rxd7 Rfe8 $11) 20... Nxd7 $11) 19... Bd8 (19... Ra5 $16) 20. Rxb7 $18 exf2+ 21. Rxf2 Na6 {[#]} 22. Bc4 $1 Nc5 23. Nxc5 (23. Bxf7+ $6 Kh8 $16) 23... bxc5 24. Rfxf7 ({But not} 24. Bxf7+ Kh8 $16) 24... Rxf7 25. Rxf7 {[%mdl 4096] Endgame Ra7+ is the strong threat. KRB-KRB} Kh7 26. Rf8 Rb8 27. a4 {[%cal Ba3a4,Ba4a5,Ba5a6][%mdl 32] Black must now prevent a5!} Kg6 (27... h5 {was worth a try.} 28. Re8 Bc7 29. Bd3+ Kh6 30. Re6+ Kg5) 28. a5 Bc7 29. Bd3+ Kh5 (29... Kg5 $142 30. Rf5+ {[%mdl 64] Double Attack} Kg4 31. Rxc5 Bd8 32. Rc4+ Kg5) 30. Rf5+ (30. Rf7 $142 Rb7 31. Kf1) 30... g5 31. Rxc5 Bf4 {Strongly threatening ...Be3+.} 32. Rc2 Be5 33. a6 Bxb2 $2 (33... Rxb2 34. Rxb2 Bxb2) 34. Rc4 Ra8 (34... Rd8 $142 35. Bc2 Be5) 35. Ra4 Bc1 36. Kf2 Bf4 (36... Rf8+ $142 37. Ke2 Re8+ 38. Be4 Bf4) 37. Be4 (37. g3 $142 Bc7 38. Kg2) 37... Ra7 38. Bb7 Kg6 39. h3 {[%cal Bh2h3,Bh3g4,Bg4g5,Bg5g6][%mdl 32]} h5 (39... Kf6 $142 40. Kf3 h5) 40. Kf3 Kf5 41. g4+ Kg6 42. Rxf4 {White mates.} gxf4 43. Kxf4 hxg4 44. hxg4 {KR-KB} Kf6 45. g5+ Kg6 {[#]} 46. Kg4 $1 Kg7 47. Kf5 Kf7 48. g6+ {Accuracy: White = 79%, Black = 31%.} 1-0

[Event "UKR-ch Men Final 2018"]
[Site "Kiev"]
[Date "2018.12.15"]
[Round "5"]
[White "Ponomariov, Ruslan"]
[Black "Kravtsiv, Martyn"]
[Result "1/2-1/2"]
[WhiteElo "2663"]
[BlackElo "2644"]
[Annotator "TA"]
[PlyCount "52"]
[EventDate "2018.12.11"]
[EventType "tourn"]
[EventCountry "UKR"]
[SourceTitle "playchess.com"]
[Source "ChessBase"]
[SourceQuality "1"]

{[%evp 18,52,0,-4,-1,-18,-8,-22,0,-18,19,8,15,0,6,17,22,36,29,16,19,13,12,11,8,7,14,10,19,0,18,0,0,0,0,0,-8]} 1. d4 Nf6 2. c4 e6 3. Nc3 Bb4 4. g3 d5 5. Bg2 O-O 6. a3 {E20: Nimzo-Indian: 4 g3 and 4 f3} (6. Nf3 dxc4 7. O-O Nc6 8. Qa4 Nd5 9. Qc2 Be7 10. Rd1 Bd7 11. e4 Ncb4 12. Qd2 Nb6 13. Ne5 Nc6 14. Nxc6 Bxc6 15. Qc2 f5 {1-0 (62) Caruana,F (2822)-So,W (2780) Saint Louis 2018}) 6... Bxc3+ 7. bxc3 dxc4 8. Qa4 Bd7 {[%cal Bc8d7,Bd7c6,Bc6d5][%mdl 32]} 9. Qxc4 Bc6 10. f3 {LiveBook: 10 Games} Qd7 11. Rb1 $146 ({Predecessor:} 11. e4 Bb5 12. Qa2 c5 13. a4 Ba6 {0-1 (36) Stupak,K (2541)-Volokitin,A (2639) Batumi 2018}) 11... Bd5 12. Qd3 Qc6 13. Nh3 Nbd7 14. O-O e5 15. Qd2 e4 16. Nf4 Nb6 17. Nxd5 Nfxd5 18. fxe4 Nxc3 {[%mdl 64] [#] Double Attack. The position is equal.} 19. Rb2 {aiming for Rc2.} Nxe4 20. Qc2 {Black must now prevent Qxc6.} Rae8 21. Qxc6 bxc6 22. Rc2 Re6 $1 23. Bf4 Rd8 24. Bxe4 Rxe4 25. Bxc7 Rdxd4 26. Bxb6 axb6 {Accuracy: White = 71%, Black = 62%.} 1/2-1/2

[Event "UKR-ch Men Final 2018"]
[Site "Kiev"]
[Date "2018.12.15"]
[Round "5"]
[White "Kuzubov, Yuriy"]
[Black "Baklan, Vladimir"]
[Result "1/2-1/2"]
[WhiteElo "2655"]
[BlackElo "2608"]
[Annotator "TA"]
[PlyCount "39"]
[EventDate "2018.12.11"]
[EventType "tourn"]
[EventCountry "UKR"]
[SourceTitle "playchess.com"]
[Source "ChessBase"]
[SourceQuality "1"]

{[%evp 19,39,4,18,4,9,0,6,6,4,4,9,8,3,9,12,10,9,9,9,5,8,0]} 1. d4 Nf6 2. c4 e6 3. Nf3 d5 4. g3 Be7 5. Bg2 O-O 6. O-O dxc4 7. Qc2 a6 8. a4 c5 9. dxc5 Bxc5 10. Qxc4 Nbd7 {LiveBook: 8 Games. The position is equal.} 11. b4 {E05: Open Catalan: 5 Nf3 Be7} (11. Nc3 b5 12. Qh4 Bb7 13. axb5 axb5 14. Rxa8 Qxa8 15. Nxb5 Ne5 16. Nxe5 Bxg2 17. Rd1 Bh1 18. Qh3 Qb8 19. Kxh1 Qxe5 {½-½ (19) Gledura,B (2621)-Bruzon Batista,L (2653) Saint Louis 2018}) 11... Be7 12. Nc3 b5 $146 ({Predecessor:} 12... b6 13. Nd4 Ne5 14. Qb3 Ra7 15. Rd1 Rd7 16. Bf4 Rxd4 17. Bxe5 Rxb4 18. Qc2 Qe8 {0-1 (70) Napolov,V-Korsunsky,R Cheliabinsk (Russia) 1975}) 13. Qd4 Bb7 $1 14. axb5 axb5 15. Rxa8 Qxa8 16. Nxb5 e5 17. Qb2 Qa4 18. Nc3 Qxb4 19. Qxb4 Bxb4 20. Bb2 1/2-1/2

[Event "UKR-ch Men Final 2018"]
[Site "Kiev"]
[Date "2018.12.15"]
[Round "5"]
[White "Kovchan, Alexander"]
[Black "Bogdanovich, Stanislav"]
[Result "0-1"]
[WhiteElo "2575"]
[BlackElo "2537"]
[Annotator "TA"]
[PlyCount "124"]
[EventDate "2018.12.11"]
[EventType "tourn"]
[EventCountry "UKR"]
[SourceTitle "playchess.com"]
[Source "ChessBase"]
[SourceQuality "1"]

{[%evp 20,124,53,51,45,35,22,8,49,34,31,18,35,20,26,16,29,24,35,25,33,0,17,0,17,24,23,33,69,8,9,0,0,0,12,-12,-17,-8,-10,-16,-9,-10,25,29,29,34,34,7,6,0,0,0,95,89,96,0,105,108,112,101,109,130,122,0,0,0,0,-825,-800,-748,-731,-664,-598,-2069,-2061,-2002,-1918,-556,0,-27,-87,-87,-120,-125,-135,-56,-113,-116,-128,-482,-406,-511,-477,-1758,-1747,-29943,-29948,-12849,-12850,-12841,-9323,-1908,-1352,-29961,-29962,-5122,-5106]} 1. Nf3 Nf6 2. g3 c5 3. c4 Nc6 4. Bg2 d6 5. d4 cxd4 6. Nxd4 Bd7 7. Nc3 g6 8. Nxc6 {A31: Symmetrical English: 2 Nf3 Nf6 3 d4} Bxc6 9. e4 Bg7 10. Be3 O-O 11. O-O {LiveBook: 33 Games} Rc8 12. Rc1 (12. Bxa7 b6 $17) 12... a6 13. Re1 $146 ({Predecessor:} 13. b4 b5 14. c5 dxc5 15. Bxc5 Nd7 16. Bd4 Ne5 {½-½ (29) Ovetchkin,R (2501)-Zvjaginsev,V (2683) St Petersburg 2012}) 13... Qa5 14. Bd2 Rfe8 15. a3 Bd7 16. Nd5 Qd8 $1 17. Qb3 Nxd5 18. exd5 b5 19. cxb5 Bxb5 20. Bc3 Bh6 21. Rcd1 Qd7 22. Re4 {White wants to play a4.} Qc7 23. Rde1 Bd3 24. Rh4 (24. Rb4 $14) 24... Bg5 $11 25. Rg4 Bf6 26. Bxf6 Bf5 27. Rf4 exf6 28. Rxe8+ Rxe8 29. h4 Qc1+ 30. Kh2 Re2 31. Qb8+ Kg7 32. h5 $36 {[%mdl 2048] Threatens to win with h6+! White has good play.} h6 $1 33. hxg6 Bxg6 34. Qd8 Qxb2 35. Rb4 Qc2 (35... Qe5 $11 {remains equal.} 36. Rb8 Qh5+ 37. Bh3 Rxf2+ 38. Kg1 Qd1+ 39. Kxf2 Qd4+ 40. Kf1 Bd3+ 41. Kg2 (41. Ke1 $2 {leads to mate.} Qe3+ {[%mdl 64] Double Attack} 42. Kd1 Qe2+ 43. Kc1 Qc2#) 41... Be4+ {[%mdl 64] Double Attack} 42. Kf1 Qd1+ 43. Kf2 Qd2+ 44. Kf1 Qd3+ 45. Kf2 Qf3+ 46. Ke1 Qe3+ 47. Kf1 (47. Kd1 Bf3+ 48. Kc2 Be4+ {[%mdl 64] Discovered Attack} 49. Kd1 Bf3+ 50. Kc2 Be4+ {[%mdl 64] Discovered Attack} 51. Kd1 $11) 47... Qf3+ 48. Ke1 Qe3+ 49. Kf1 (49. Kd1 Bf3+ 50. Kc2 Be4+ {[%mdl 64] Discovered Attack} 51. Kd1 Bf3+ 52. Kc2 Be4+ {[%mdl 64] Discovered Attack} 53. Kd1 $11) 49... Qf3+ 50. Ke1) 36. Rb8 $16 {[%csl Gb8][%cal Rd8h8]} Bh7 37. Qh8+ $1 ({Much weaker is} 37. Rc8 $6 Qf5 $11) 37... Kg6 {[#]} 38. Rg8+ $1 {[%mdl 512]} Bxg8 39. Qxg8+ {[%mdl 4096] Endgame KQR-KQB} Kf5 40. Qxf7 {[%cal Rf7h5]} Ke5 41. Qa7 (41. Qh5+ $1 $16 Kd4 42. Qh4+ Re4 43. Qxf6+ (43. Bxe4 Qxe4 44. Qxf6+ Kxd5 $16) 43... Kc5 44. Bxe4 Qxe4 45. Qxh6) 41... Rxf2 $11 42. Qe3+ Kf5 {[#]} 43. Qe6+ $2 {[%mdl 8192]} (43. g4+ $1 $11 {[%mdl 512]} Kg6 (43... Kxg4 44. Qh3+) 44. Qe8+ Kg7 45. Qd7+ Kh8 46. Qe8+ Kh7 47. Qf7+ Kh8 48. Qe8+ Kg7 49. Qe7+ Kh8 50. Qe8+) 43... Kg5 $1 $19 44. Qe3+ Kg4 $1 45. Qe6+ Qf5 46. Qg8+ Qg5 $1 {[%cal Rg5g8]} 47. Qe6+ f5 {[%cal Bf6f5,Bf5f4][%mdl 32]} 48. Qxd6 a5 $2 ({Better is} 48... Re2 $19 {...f4 is the strong threat.} 49. Qxa6 Rxg2+ $1 {[%mdl 512]} 50. Kxg2 Qd2+ {[%mdl 64] Double Attack} 51. Kh1 Qxd5+ 52. Kg1 Qd4+ 53. Kg2 Qd2+ 54. Kf1 Qd1+ 55. Kf2 Qf3+ 56. Kg1 h5) 49. Qe5 $1 $11 {[%cal Re5d4]} f4 50. Qe6+ Qf5 {( -> ...Qxe6)} 51. Qg8+ {[#]} Kh5 $1 {And now ...Re2 would win.} 52. Qe8+ Qg6 53. Qe5+ Kg4 {Strongly threatening ...Qh5+.} 54. gxf4 $2 {[%mdl 8192]} (54. Qd4 $17 {nothing else works.} Rxg2+ 55. Kxg2 Qc2+ 56. Kf1 Kxg3 57. Qg1+ Kf3 58. Qh1+ {[%mdl 64] Double Attack} Kg3 59. Qg1+ Kf3 60. Qh1+ {[%mdl 64] Double Attack} Kg4 61. Qxh6) 54... Qf5 55. Qg7+ Kh5 56. Kg1 (56. Qe5 $142 Rxf4 57. Qe2+ Kg6 58. Qe8+ Kg7 59. Qe7+ Qf7 60. Qe5+ Qf6 61. Qc7+ Kg6 62. Qc6) 56... Rxf4 $19 57. Qc3 Qb1+ 58. Kh2 Qb8 59. Kg1 Qb6+ 60. Kh2 Qd4 61. Qc8 Rh4+ 62. Bh3 Qe5+ {Accuracy: White = 48%, Black = 71%.} 0-1